Statistics for She Looks So Perfect - 5sos lyrics

Click here to take the quiz!

General Stats

  • This quiz has been taken 629 times
  • The average score is 152 of 194

Answer Stats

Answer % Correct
a
97%
a
97%
a
97%
a
97%
so
96%
i
96%
so
96%
so
96%
so
96%
i
96%
look
96%
look
96%
i
96%
look
96%
i
96%
i
96%
i
96%
i
96%
i
96%
so
96%
i
96%
so
96%
i
96%
the
95%
perfect
94%
perfect
94%
standing
93%
in
93%
you
93%
american
93%
there
93%
standing
93%
in
93%
there
93%
american
93%
you
93%
you
93%
in
93%
an
93%
you
93%
you
93%
my
92%
down
92%
down
92%
down
92%
my
92%
down
92%
down
92%
down
92%
down
92%
underwear
91%
underwear
91%
now
90%
now
90%
know
90%
now
90%
know
90%
now
90%
now
90%
know
90%
now
90%
know
90%
and
89%
and
89%
and
89%
that
89%
that
89%
that
89%
and
89%
and
89%
that
89%
i'm
88%
i'm
88%
i'm
88%
i'm
88%
to
87%
to
87%
to
87%
to
87%
apparel
86%
apparel
86%
work
85%
work
85%
your
84%
your
84%
is
84%
your
84%
is
84%
your
84%
name
83%
name
83%
of
83%
lipstick
83%
of
83%
hey
82%
got
82%
too
82%
hey
82%
hey
82%
too
82%
we
82%
hey
82%
art
82%
got
82%
hey
82%
too
82%
hey
82%
simmer
80%
simmer
80%
stain
80%
heart
80%
arrow
79%
it
78%
it
78%
tattooed
77%
on
76%
on
76%
young
76%
if
75%
don't
75%
if
75%
we're
75%
but
75%
but
75%
don't
75%
around
75%
drown
72%
up
72%
up
72%
say
72%
out
71%
you'll
71%
swim
71%
honey
71%
just
71%
out
71%
just
71%
out
71%
hard
71%
just
71%
anything
71%
out
71%
move
70%
this
69%
damn
69%
this
69%
they
69%
give
68%
else
68%
get
67%
get
67%
amount
66%
cause
66%
cause
66%
for
65%
let's
65%
let's
65%
with
64%
with
64%
ticket
60%
ring
59%
run
58%
plane
58%
shiny
58%
want
57%
away
57%
all
57%
diamond
56%
us
56%
deadbeat
55%
really
54%
here
54%
would
53%
skinny
53%
keep
53%
showed
53%
wanna
53%
jeans
53%
only
52%
ripped
52%
was
51%
floor
50%
towns
50%
lying
49%
found
48%
while
48%
thinking
47%
myself
47%
94
46%
mixtape
43%
alone
42%
made
40%
straight
40%
i've
38%

Score Distribution

Percentile by Number Answered

Percent of People with Each Score

Your Score History

You have not taken this quiz